| LEADER |
00872nam0a2200229 450 |
| 001 |
16834355 |
| 010 |
|
|
|a 978-2-35408-588-9
|b br.
|d 19
|
| 100 |
|
|
|a 20170920d2017 u u0frey01 ba
|
| 101 |
1 |
|
|a fre
|c eng
|
| 102 |
|
|
|a FR
|
| 200 |
0 |
|
|a Zothique
|f Clark Ashton Smith
|g traduit de l'américain par Julien Bétan
|
| 207 |
|
1 |
|a
|
| 210 |
|
|
|a Paris
|c Mnémos
|d 2017
|
| 215 |
|
|
|a 1 vol. (304 p.)
|d 24 x 16 cm
|
| 225 |
1 |
|
|a Intégrale Clark Ashon Smith
|v 01
|
| 330 |
|
|
|a Recueil de contes qui dépeignent l'univers de Zothique, une terre de maléfices où les habitants sont poursuivis par des revenants.
|
| 461 |
|
0 |
|t Intégrale Clark Ashon Smith
|v 01
|
| 700 |
|
0 |
|a Smith
|b Clark Ashton
|4 70
|
| 702 |
|
0 |
|a Bétan
|b Julien
|4 730
|
| 900 |
|
|
|a Science Fiction
|
| 901 |
|
|
|a Accessible au prêt
|
| 995 |
|
|
|a BD 13
|b 156
|c Bibliothèque
|f 00156011366630
|h 00156011366630
|k SF SMI
|o p
|q a
|r az
|e BD 13
|